Statistiques concernant classe de médicaments

Cliquez ici pour prendre le quiz!

Statistiques générales

  • Ce quiz a été pris 302 fois
  • Le résultat moyen est 8 sur 35

Statistiques - réponses

HintRéponse% Correct
dolipraneantalgique
74%
prozacantidépresseur
60%
ataraxanxiolytique
54%
lasilixdiurétique
53%
bisocébêtabloquant
51%
movicollaxatif
46%
rocéphineantibiotique
44%
spasfonantispasmodique
42%
Kardegicantiagrégant plaquettaire
41%
Lantusinsuline
38%
fungizoneantifongique
31%
imovanehypnotique
30%
Janumetantidiabétique
27%
xanaxbenzodiazepine
27%
advilanti-inflammatoire non stéroidien
24%
solupredcorticoïde
20%
loxapacneuroleptique
20%
cortancylanti-inflammatoire stéroidien
17%
previscanantivitamine K
14%
Eupressylalpha bloquant
13%
rivotrilantiépileptique
13%
lovenoxheparine de bas poids moléculaire
13%
Amlorinhibiteur calcique
12%
traitecinhibiteur de l'enzyme de conversion
10%
digoxinedigitalique
7%
calciparineheparine non fractionné
7%
inexiumantiulcereux
6%
trinitrinedérivé nitré
6%
zophrenantiémétique
4%
Actilysethrombolytique
4%
adrénalinecatécholamine
3%
mucomystfluidifiant bronchique
3%
modoparantiparkinsonien
2%
streptasefibrinolytique
2%
glucosécristalloïde
1%

Distribution des résultats

Percentile par nombre de réponses

% des personnes avec chaque résultat

Votre développement - résultats

Vous n’avez pas pris ce quiz